000 00931nam a22003137a 4500
001 BR2023000296
003 BR-BrBNA
005 20230508153407.0
008 230420b bl.||||| |||| 00| 0 por d
040 _aBR-BrBNA
_bpor
041 _apor
072 _aP01 ; K10 ; E16
_b3000
090 _a3000 BR2023000297
_b3000
100 _aAntoniazzi, Laura
100 _aSartorelli, Paolo
100 _aCosta, Karine
100 _aBasso, Iara
245 _aRestauração florestal em cadeias agropecuárias para adequação ao Código Florestal: análise econômica de oito estados brasileiros
_bSumário Executivo
260 _aSão Paulo, SP (Brazil) :
_bINPUT,
_c2016
300 _a35 p.
500 _a19 illus.
650 _aFLORESTA
650 _aSILVICULTURA
650 _aREGENERAÇÃO NATURAL
650 _aCUSTO OPERACIONAL
650 _aLEGISLAÇÃO
909 _a202304
_bFernando Magalhães
942 _cBK
999 _c8928
_d8928